00769nam a22002057a 4500003001100000008004100011020001800052040003900070041000800109082001600117111007200133245003400205260004900239300008100288650005000369700003100419942000700450952009100457999001500548LK-CoMWRAF231224b2008 |||||||| |||| 00| 0 eng d a9789556650242 aLK-CoMWRAFdLK-CoMWRAFeLK-CoMWRAF aeng a303.66bSTO aA SEMINAR ON THE STORY OF ACEH: INSIGHTSc( ColombodDecember 2007) aThe story of Aceh:b insights aColombo: bVijitha Yapa Publications, c2008 ax, 182 p., [8] p. of plates : col. ill., maps ; 22 cm.b1 CD-ROM (4 3/4 in.) a Peace-building--Indonesia--Aceh--Congresses. aMohamed-Saleem, Amjadeed. cCP 00104070aMAINbMAINd2023-12-24l0o303.66 STOpRAF4614r2023-12-24w2023-12-24yCP c4554d4554